000 00358nam a2200121Ia 4500
008 190216s9999||||xx |||||||||||||| ||und||
100 _aKeswani K B
245 0 _aHistory Of Modern India
260 _bHimalaya Publishing House
_c1985
300 _a480p
650 _aIndian History-History Of Modern India-Indian History-History Of Modern India
942 _cBK
999 _c19811
_d19811